| 000 | 00758nam a22002177a 4500 | ||
|---|---|---|---|
| 999 |
_c6229 _d6229 |
||
| 003 | AR-CdUCM | ||
| 008 | 190314b ||||| |||| 00| 0 spa d | ||
| 040 |
_aMUNICIPALIDAD PROVINCIAL DEL CUSCO _cBIBLIOTECA MUNICIPAL DEL CUSCO |
||
| 082 |
_a869.44 / _bG96 |
||
| 100 |
_aGutierrez, Erasmo _917950 |
||
| 245 |
_aPoemas : _bVersos federales / |
||
| 260 |
_aChuquisaca : _c1967. |
||
| 300 |
_a69 páginas ; _c17 cm. |
||
| 500 | _aDonación familia Nieto | ||
| 505 | _aContenido: Ley seca federal -- Partido federal -- Prosa poética de mis viñas -- Patria federal -- Huerto cinteño -- A mi automóvil -- Mujer federal... | ||
| 650 |
_aPoemas peruanos _91040 |
||
| 650 |
_aProsa _92210 |
||
| 650 |
_aSoneta _917951 |
||
| 942 |
_2ddc _cLIBROS |
||
| 945 | _adavv | ||